[Event "Brandenburg Seniors op 13th"]
[Site "Rowy"]
[Date "2004.06.29"]
[Round "8"]
[White "Galicki, Ryszard"]
[Black "Krzyzanowski, Czeslaw"]
[Result "1-0"]
[WhiteElo "2018"]
[BlackElo "2000"]
[PlyCount "29"]
[EventDate "2004.06.21"]
[EventType "swiss"]
[EventRounds "9"]
[EventCountry "POL"]
[SourceTitle "EXT 2006"]
[Source "ChessBase"]
[SourceDate "2005.11.24"]
[SourceVersion "1"]
[SourceVersionDate "2005.11.24"]
[SourceQuality "1"]

1. e4 e5 2. Nf3 Nc6 3. Bb5 Bc5 4. 0-0 d6 5. c3 Bd7 6. d4 exd4 7. cxd4 Bb6 8. Nc3 a6 9. Ba4 Nge7 10. Nd5 Ba7 11. Bg5 0-0 12. Bxc6 bxc6 13. Nxe7+ Kh8 14. Ng6+ fxg6 15. Bxd8 1-0

[Event "Brandenburg Seniors op 13th"]
[Site "Rowy"]
[Date "2004.06.25"]
[Round "4"]
[White "Krzyzanowski, Czeslaw"]
[Black "Hoppensack, Manfred"]
[Result "0-1"]
[WhiteElo "2000"]
[BlackElo "1850"]
[PlyCount "76"]
[EventDate "2004.06.21"]
[EventType "swiss"]
[EventRounds "9"]
[EventCountry "POL"]
[SourceTitle "EXT 2006"]
[Source "ChessBase"]
[SourceDate "2005.11.24"]
[SourceVersion "1"]
[SourceVersionDate "2005.11.24"]
[SourceQuality "1"]

1. e4 e6 2. Nf3 d5 3. exd5 exd5 4. d4 Nf6 5. Bd3 Be7 6. 0-0 0-0 7. h3 b6 8. Re1 c5 9. c3 Nc6 10. a3 Re8 11. Be3 Bd6 12. Nbd2 h6 13. Nh2 Qc7 14. Nhf3 Bd7 15. Nf1 Ne4 16. N3d2 f5 17. f3 Ng3 18. Bf2 Rxe1 19. Qxe1 Re8 20. Qd1 f4 21. Rc1 c4 22. Bxg3 cxd3 23. Bf2 Na5 24. c4 Nxc4 25. Nxc4 dxc4 26. Nd2 b5 27. a4 a6 28. Ne4 Bb4 29. b3 Bf5 30. bxc4 bxc4 31. Nc3 Qa5 32. Be1 Bd7 33. Bd2 Bxa4 34. Qxa4 Qxa4 35. Nxa4 Bxd2 36. Rxc4 Re1+ 37. Kf2 Ba5 38. d5 d2 0-1

[Event "Brandenburg Seniors op 13th"]
[Site "Rowy"]
[Date "2004.06.23"]
[Round "3"]
[White "Petersohn, Horst"]
[Black "Krzyzanowski, Czeslaw"]
[Result "0-1"]
[WhiteElo "1691"]
[BlackElo "2000"]
[PlyCount "90"]
[EventDate "2004.06.21"]
[EventType "swiss"]
[EventRounds "9"]
[EventCountry "POL"]
[SourceTitle "EXT 2006"]
[Source "ChessBase"]
[SourceDate "2005.11.24"]
[SourceVersion "1"]
[SourceVersionDate "2005.11.24"]
[SourceQuality "1"]

1. d4 d5 2. Nf3 e6 3. c4 c6 4. e3 Bd6 5. Bd3 f5 6. b3 Nf6 7. Ba3 0-0 8. Bxd6 Qxd6 9. Nbd2 Nbd7 10. 0-0 h6 11. g3 g5 12. Kh1 Ne4 13. Ng1 Kg7 14. f3 Nef6 15. Qe2 Rh8 16. e4 e5 17. exd5 cxd5 18. cxd5 Qxd5 19. Bc4 Qxd4 20. Rad1 Qb6 21. Nb1 Re8 22. Nc3 a6 23. Nd5 Qc6 24. Nb4 Qc5 25. Nd5 b5 26. Nxf6 Nxf6 27. Bd3 Re7 28. Rc1 Qd6 29. Qc2 e4 30. Be2 Bb7 31. Rfd1 Qe5 32. Qc5 Rc8 33. Qd4 Rxc1 34. Rxc1 Kg6 35. h3 exf3 36. Bxf3 Rd7 37. Qc3 Bxf3+ 38. Qxf3 Qe4 39. Qxe4 Nxe4 40. Rc2 Nxg3+ 41. Kg2 Ne4 42. Nf3 Kf6 43. Rc6+ Rd6 44. Rc8 g4 45. hxg4 fxg4 0-1

[Event "Brandenburg Seniors op 13th"]
[Site "Rowy"]
[Date "2004.06.22"]
[Round "2"]
[White "Krzyzanowski, Czeslaw"]
[Black "Zoltek, Tadeusz"]
[Result "0-1"]
[WhiteElo "2000"]
[BlackElo "2307"]
[PlyCount "48"]
[EventDate "2004.06.21"]
[EventType "swiss"]
[EventRounds "9"]
[EventCountry "POL"]
[SourceTitle "EXT 2006"]
[Source "ChessBase"]
[SourceDate "2005.11.24"]
[SourceVersion "1"]
[SourceVersionDate "2005.11.24"]
[SourceQuality "1"]

1. e4 c5 2. Nf3 Nc6 3. c3 Nf6 4. e5 Nd5 5. d4 cxd4 6. cxd4 d6 7. Bb5 Qa5+ 8. Nc3 Nxc3 9. Bxc6+ bxc6 10. bxc3 Qxc3+ 11. Bd2 Qd3 12. Qe2 Qxe2+ 13. Kxe2 Ba6+ 14. Ke3 g6 15. g4 f6 16. h4 h5 17. g5 fxe5 18. dxe5 Bg7 19. Rac1 0-0 20. Bc3 c5 21. Rhd1 d5 22. Rxd5 Rxf3+ 23. Kxf3 Bb7 24. Ke4 e6 0-1

[Event "Rowy Seniors op 7th"]
[Site "Rowy"]
[Date "2003.09.03"]
[Round "4"]
[White "Jackowski, Ryszard"]
[Black "Krzyzanowski, Czeslaw"]
[Result "0-1"]
[WhiteElo "2000"]
[BlackElo "1800"]
[PlyCount "51"]
[EventDate "2003.08.??"]
[EventType "swiss"]
[EventRounds "9"]
[EventCountry "POL"]
[SourceTitle "EXT 2006"]
[Source "ChessBase"]
[SourceDate "2005.11.24"]
[SourceVersion "1"]
[SourceVersionDate "2005.11.24"]
[SourceQuality "1"]

1. e4 e5 2. Nf3 Nc6 3. Bb5 Bc5 4. c3 d6 5. h3 Nf6 6. 0-0 0-0 7. Re1 Ne7 8. d4 exd4 9. cxd4 Bb4 10. Nc3 c6 11. Bd3 Ng6 12. Qc2 Ba5 13. Bg5 h6 14. Bd2 Nh5 15. Ne2 Bxd2 16. Qxd2 Nh4 17. Nxh4 Qxh4 18. Qe3 Bd7 19. Kh2 Rae8 20. Ng1 f5 21. Nf3 Qd8 22. e5 f4 23. Qe2 Nf6 24. Bg6 dxe5 25. Nxe5 Nd5 26. Be4 0-1

[Event "Rowy Seniors op 7th"]
[Site "Rowy"]
[Date "2003.08.31"]
[Round "1"]
[White "Krzyzanowski, Czeslaw"]
[Black "Dembowski, Andrzej"]
[Result "1-0"]
[WhiteElo "1800"]
[BlackElo "2011"]
[PlyCount "40"]
[EventDate "2003.08.??"]
[EventType "swiss"]
[EventRounds "9"]
[EventCountry "POL"]
[SourceTitle "EXT 2006"]
[Source "ChessBase"]
[SourceDate "2005.11.24"]
[SourceVersion "1"]
[SourceVersionDate "2005.11.24"]
[SourceQuality "1"]

1. e4 c5 2. Nf3 Nc6 3. Bc4 e6 4. Nc3 a6 5. a4 Qc7 6. 0-0 Be7 7. d3 Nf6 8. Qe2 d6 9. h3 Bd7 10. Bf4 Qb6 11. Rab1 h6 12. Nd1 0-0 13. c3 Na5 14. b4 Nxc4 15. dxc4 Qc7 16. e5 dxe5 17. Bxe5 Qc8 18. b5 a5 19. Rb2 b6 20. Rd2 Qb7 1-0

[Event "Rowy Seniors op 7th"]
[Site "Rowy"]
[Date "2003.03.17"]
[Round "8"]
[White "Krasinski, Jerzy Roman"]
[Black "Krzyzanowski, Czeslaw"]
[Result "0-1"]
[WhiteElo "2200"]
[BlackElo "1800"]
[PlyCount "45"]
[EventDate "2003.08.??"]
[EventType "swiss"]
[EventRounds "9"]
[EventCountry "POL"]
[SourceTitle "EXT 2006"]
[Source "ChessBase"]
[SourceDate "2005.11.24"]
[SourceVersion "1"]
[SourceVersionDate "2005.11.24"]
[SourceQuality "1"]

1. d4 d5 2. c4 c6 3. e3 e6 4. Bd3 f5 5. Nf3 Nf6 6. Nc3 Be7 7. a3 0-0 8. 0-0 Nbd7 9. Qc2 Bd6 10. cxd5 cxd5 11. h3 Ne4 12. Bb5 a6 13. Bd3 Qe8 14. Ne2 Qh5 15. Nd2 g5 16. f4 g4 17. Bxe4 fxe4 18. Ng3 Qh4 19. Kh2 Nf6 20. Rf2 gxh3 21. Ndf1 Ng4+ 22. Kg1 Nxf2 23. Qxf2 0-1